クレヨンしんちゃん歴代映画タイトル - Statistics

General Stats
  • This quiz has been taken 37 times
  • The average score is 6 of 31
Answer Stats
No. 公開 タイトル % Correct
8 2000年4月22日 嵐を呼ぶジャングル
48%
5 1997年4月19日 暗黒タマタマ大追跡
33%
9 2001年4月21日 嵐を呼ぶモーレツ!オトナ帝国の逆襲
33%
1 1993年7月24日 アクション仮面VSハイグレ魔王
33%
2 1994年4月23日 ブリブリ王国の秘宝
30%
3 1995年4月15日 雲黒斎の野望
30%
4 1996年4月13日 ヘンダーランドの大冒険
30%
11 2003年4月19日 嵐を呼ぶ 栄光のヤキニクロード
30%
15 2007年4月21日 嵐を呼ぶ 歌うケツだけ爆弾
30%
10 2002年4月20日 嵐を呼ぶ アッパレ!戦国大合戦
26%
12 2004年4月17日 嵐を呼ぶ!夕陽のカスカベボーイズ
26%
14 2006年4月15日 伝説を呼ぶ 踊れ!アミーゴ!
22%
18 2010年4月17日 超時空!嵐を呼ぶオラの花嫁
19%
22 2014年4月19日 ガチンコ!逆襲のロボとーちゃん
19%
25 2017年4月15日 襲来!宇宙人シリリ!!
19%
17 2009年4月18日 オタケベ!カスカベ野生王国
15%
19 2011年4月16日 嵐を呼ぶ黄金のスパイ大作戦
15%
20 2012年4月14日 嵐を呼ぶ!オラと宇宙のプリンセス
15%
21 2013年4月20日 バカうまっ!B級グルメサバイバル!!
15%
16 2008年4月19日 ちょー嵐を呼ぶ 金矛の勇者
11%
24 2016年4月16日 爆睡!ユメミーワールド大突撃
11%
6 1998年4月18日 電撃!ブタのヒヅメ大作戦
7%
7 1999年4月17日 爆発!温泉わくわく大決戦
7%
26 2018年4月13日 爆盛!カンフーボーイズ〜拉麺大乱〜
7%
29 2021年7月30日 謎メキ!花の天カス学園
7%
31 2024年8月9日 オラたちの恐竜日記
7%
13 2005年4月16日 伝説を呼ぶブリブリ 3分ポッキリ大進撃
7%
27 2019年4月19日 新婚旅行ハリケーン〜失われたひろし〜
4%
30 2022年4月22日 もののけニンジャ珍風伝
4%
23 2015年4月18日 オラの引っ越し物語 サボテン大襲撃
0%
28 2020年9月11日 激突!ラクガキングダムとほぼ四人の勇者
0%
No matching quizzes found
Score Distribution
Percent of People with Each Score
Percentile by Number Answered
Your Score History
You have not taken this quiz